Statistics for 10 Most Popular Pets

Click here to take the quiz!

General Stats

  • This quiz has been taken 1,542 times
    (1,518 since last reset)
  • The average score is 7 of 10

Answer Stats

HintAnswer% Correct
Worshiped by the EgyptiansCat
100%
Mans Best FriendDog
100%
Swim in tanksFish
98%
Discovered in Syria in the 1930'sHamster
78%
Can be fed every 5-14 daysSnake
74%
First caged over 4000 years agoBird
69%
Babies are born with hair, teeth, and eyes openGuinea Pig
55%
Only live 1-3 yearsMouse
52%
Let off a natural odor many find disgustingFerret
34%
Can live up to 20 years of ageIguana
11%

Score Distribution

Percentile by Number Answered

Percent of People with Each Score

Your Score History

You have not taken this quiz since the last reset